00882ngm a22002537a 450000500170000000800410001704100080005808200120006610000190007824500940009726000150019126000090020626000090021530000160022450002610024065000150050165000200051665000130053665000110054965000130056065000140057365000220058765000190060920170223113907.0150512b xxu||||| |||| 00| 0 spa d aspa a359 DVD aMonge, Ricardo aUna mirada retrospectiva del emprendedurismo en Costa Rica: futuros retos y oportunidades aCosta Rica bUNED c2014 a120 minutos aLa centralización de 16 mil empresas para el emprendimiento, crecimiento de la economía y productividad. Costa Rica crece 75% por recursos humanos,influjo de inversión extranjera y PYMES. La suma de productividad por la unión de todas las empresas. aCOSTA RICA aEMPRENDEDURISMO aEMPRESAS aCAATEC aCOMERCIO aSERVICIOS aFUENTES DE EMPLEO aENCADENAMIENTO